Electrochemistry : theoretical foundations, quantum and statistical mechanics, thermodynamics, the solid state /

Bibliographic Details
Main Author: Goodisman, Jerry
Format: Book
Language:English
Published: New York : Wiley, [1987]
Subjects:

MARC

Tag First Indicator Second Indicator Subfields
LEADER 00000cam a2200000 a 4500
001 in00000011559
005 20151007052107.0
008 861210s1987 nyua b 00110 eng
010 |a  86032495  
020 |a 0471828505 
035 |a (OCoLC)15018142 
035 |9 AAA6245AM 
040 |a DLC  |c DLC  |d TXA  |d UtOrBLW 
049 |a TXAM  |c [A11046888] 
050 0 0 |a QD553  |b .G68 1987 
082 0 |a 541.3/7  |2 19 
100 1 |a Goodisman, Jerry. 
245 1 0 |a Electrochemistry :  |b theoretical foundations, quantum and statistical mechanics, thermodynamics, the solid state /  |c Jerry Goodisman. 
264 1 |a New York :  |b Wiley,  |c [1987] 
264 4 |c ©1987 
300 |a ix, 374 pages :  |b illustrations ;  |c 25 cm. 
336 |a text  |b txt  |2 rdacontent 
337 |a unmediated  |b n  |2 rdamedia 
338 |a volume  |b nc  |2 rdacarrier 
500 |a "A Wiley-Interscience publication." 
504 |a Bibliography: pages 365-370. 
500 |a Includes index. 
650 0 |a Electrochemistry. 
999 |a MARS 
999 f f |s 3e727ce7-9442-381a-ac58-56ad71a2f1fe  |i 3eb2e00e-b32e-3338-b325-40ea24059afe  |t 0 
952 f f |p ric  |a Texas A&M University  |b Rellis Campus  |c Joint Library Facility  |s JLF  |d Remote Storage  |t 0  |e QD553 .G68 1987  |h Library of Congress classification  |i unmediated -- volume  |m A14811046888 
998 f f |a QD553 .G68 1987  |t 0  |l Remote Storage